[Event "Championnat de France 2012 - Open B"]
[Site "PAU"]
[Date "2012.08.19"]
[Round "6.9"]
[White "Bombail, Leonard"]
[Black "Gambini, Stephane"]
[Result "1-0"]
[WhiteElo "1885"]
[BlackElo "1972"]
[PlyCount "93"]

1. e4 c5 2. Nc3 Nc6 3. Bb5 Nd4 4. Bc4 e6 5. Nge2 g6 6. d3 a6 7. Nxd4 cxd4 8.
Ne2 Bg7 9. O-O Ne7 10. f4 d5 11. Bb3 O-O 12. e5 Qb6 13. c3 dxc3+ 14. d4 cxb2
15. Bxb2 Bd7 16. Ba3 Rfe8 17. Rb1 Qa5 18. Bc1 Rac8 19. Bd2 Qc7 20. Rf3 Bb5 21.
g4 f5 22. h3 Bxe2 23. Qxe2 b5 24. a4 Qb6 25. Qd3 Nc6 26. Be3 Nb4 27. Qd2 Bf8
28. gxf5 exf5 29. Rg3 Qc6 30. axb5 axb5 31. Qg2 Red8 32. h4 Kg7 33. h5 Be7 34.
Kh2 Qe6 35. Rg1 Rc6 36. Bd2 Na6 37. Ba5 Rd7 38. hxg6 hxg6 39. Bxd5 Rxd5 40.
Rxg6+ Qxg6 41. Qxd5 Qxg1+ 42. Kxg1 Rg6+ 43. Kf2 b4 44. Qb7 Kf8 45. Qc8+ Kg7 46.
Qd7 Kf7 47. Bd8 1-0

[Event "Championnat de France 2012 - Open B"]
[Site "PAU"]
[Date "2012.08.19"]
[Round "6.10"]
[White "Touzeau, Maxime"]
[Black "Brehier, William"]
[Result "1/2-1/2"]
[WhiteElo "1954"]
[BlackElo "1852"]
[PlyCount "31"]

1. e4 e5 2. Nf3 Nc6 3. Bb5 a6 4. Bxc6 dxc6 5. O-O Bd6 6. c3 Nf6 7. Qe2 Bg4 8.
h3 h5 9. d4 exd4 10. hxg4 hxg4 11. Nxd4 Bh2+ 12. Kh1 Bg3+ 13. Kg1 Bh2+ 14. Kh1
Bf4+ 15. Kg1 Bh2+ 16. Kh1 1/2-1/2

[Event "Championnat de France 2012 - Open B"]
[Site "PAU"]
[Date "2012.08.21"]
[Round "7.1"]
[White "Gerandi, Guillaume"]
[Black "Nobili, Denis"]
[Result "1/2-1/2"]
[WhiteElo "1842"]
[BlackElo "1995"]
[PlyCount "155"]

1. e4 e5 2. Nf3 Nc6 3. d4 exd4 4. Nxd4 Bc5 5. Nxc6 Qf6 6. Qf3 Qxf3 7. gxf3 bxc6
8. Be3 Bxe3 9. fxe3 Rb8 10. b3 Ne7 11. Nc3 O-O 12. Bc4 d6 13. O-O-O Be6 14. Bd3
f5 15. exf5 Nxf5 16. Bxf5 Bxf5 17. Rhg1 Bg6 18. Rg3 Rf7 19. Ne2 Re8 20. Kd2 Re5
21. Nf4 Bf5 22. Rdg1 Bc8 23. h4 c5 24. Rg5 Rxg5 25. Rxg5 Bb7 26. Ke2 h6 27. Rg6
Bc8 28. Kd2 Bf5 29. Rg2 Kf8 30. Nd5 Bc8 31. Nf4 Bf5 32. Nd5 c6 33. Nc3 Rf6 34.
e4 Rg6 35. Rxg6 Bxg6 36. Ke3 Bf7 37. Ne2 Ke7 38. Kf4 Kf6 39. Ng3 g5+ 40. hxg5+
hxg5+ 41. Ke3 Ke5 42. Ne2 Bg6 43. c4 a5 44. Nc3 Bh7 45. Na4 Bg8 46. Nb2 d5 47.
Nd3+ Kd6 48. e5+ Ke6 49. Nxc5+ Kxe5 50. cxd5 cxd5 51. Nd3+ Kd6 52. a3 d4+ 53.
Kxd4 Bxb3 54. Nf2 Ke6 55. Ne4 Kf5 56. Ke3 Bd5 57. Nc3 Bc6 58. Ne2 Bb7 59. Nd4+
Ke5 60. Nb3 a4 61. Nd4 Bd5 62. Nb5 Bc6 63. Nc3 Bd7 64. Ne4 Kf5 65. Ng3+ Kf6 66.
Ne4+ Kg6 67. Ng3 Bc6 68. Kf2 Kf6 69. Ke3 Ke5 70. Ne2 Kd5 71. Nc3+ Kc4 72. Nxa4
Bxa4 73. f4 g4 74. f5 Kd5 75. Kf4 Bd1 76. a4 Bxa4 77. Kxg4 Ke5 78. f6 1/2-1/2

[Event "Championnat de France 2012 - Open B"]
[Site "PAU"]
[Date "2012.08.21"]
[Round "7.3"]
[White "Roubert, Emile"]
[Black "Bandet, Raphael"]
[Result "1/2-1/2"]
[WhiteElo "1927"]
[BlackElo "1925"]
[PlyCount "77"]

1. e4 e5 2. Nf3 Nc6 3. d4 exd4 4. Nxd4 Bc5 5. Be3 Qf6 6. c3 Nge7 7. Bc4 O-O 8.
O-O b6 9. f4 d5 10. e5 Qh6 11. Be2 Nxe5 12. Qd2 Ng4 13. Bxg4 Bxg4 14. f5 Qh5
15. f6 Nc8 16. fxg7 Re8 17. Qf2 Nd6 18. Nd2 Re7 19. Rae1 Rae8 20. Qg3 Bd7 21.
b4 Bxd4 22. Bxd4 Nf5 23. Qf2 Re2 24. Rxe2 Rxe2 25. Qf4 Qg6 26. Rf2 Nxd4 27.
Qxd4 Rxf2 28. Kxf2 Be6 29. Nf3 Qxg7 30. Qh4 f6 31. Nd4 Bd7 32. Qf4 c6 33. Qb8+
Qf8 34. Qc7 Qe8 35. Qg3+ Kh8 36. Qd6 Kg7 37. Qg3+ Kh8 38. Qd6 Kg7 39. Qg3+
1/2-1/2

[Event "Championnat de France 2012 - Open B"]
[Site "PAU"]
[Date "2012.08.21"]
[Round "7.4"]
[White "Joslin, Jerome"]
[Black "Renaux, Osmin"]
[Result "0-1"]
[WhiteElo "1973"]
[BlackElo "1997"]
[PlyCount "72"]

1. d4 Nf6 2. c4 g6 3. Nc3 Bg7 4. e4 d6 5. Nf3 O-O 6. Bg5 c5 7. Qd2 cxd4 8. Nxd4
Nc6 9. Nc2 Be6 10. Rd1 Qa5 11. Be2 Ne5 12. b4 Qc7 13. Bxf6 Bxf6 14. Nd5 Bxd5
15. Qxd5 Rac8 16. Na3 Nc6 17. Qd2 Nd4 18. O-O Qb6 19. Bg4 e6 20. Rc1 h5 21. Bd1
Qa6 22. Qe3 Kg7 23. c5 dxc5 24. bxc5 Rfd8 25. Rc4 b5 26. Rb4 e5 27. Nxb5 Rxc5
28. Nxd4 exd4 29. Qb3 Rc3 30. Qb1 d3 31. Bb3 d2 32. Bd5 Qxf1+ 33. Qxf1 Rc1 34.
Rb1 Rdc8 35. e5 Bxe5 36. Bf3 Rxb1 0-1

[Event "Championnat de France 2012 - Open B"]
[Site "PAU"]
[Date "2012.08.21"]
[Round "7.5"]
[White "Gendre, Pascal"]
[Black "Flick, Antoine"]
[Result "1/2-1/2"]
[WhiteElo "1948"]
[BlackElo "1902"]
[PlyCount "75"]

1. d4 Nf6 2. c4 e6 3. Nf3 Bb4+ 4. Bd2 Qe7 5. a3 Bxd2+ 6. Nbxd2 d6 7. e4 e5 8.
d5 a5 9. Bd3 O-O 10. O-O Na6 11. b4 Bd7 12. Qb3 Rfb8 13. Rfc1 h6 14. Qc3 Bg4
15. c5 Qe8 16. Nb3 axb4 17. axb4 Qc8 18. Nfd2 Qd8 19. Nc4 Ne8 20. b5 Nxc5 21.
Nxc5 dxc5 22. Nxe5 Rxa1 23. Qxa1 Ra8 24. Qc3 Bc8 25. Qxc5 Qf6 26. Qc3 Nd6 27.
f3 Ra2 28. h3 Qg5 29. Ng4 Bxg4 30. hxg4 Qe3+ 31. Kh1 Qf2 32. Rc2 Rxc2 33. Qxc2
Qe1+ 34. Kh2 Qh4+ 35. Kg1 Qe1+ 36. Kh2 Qh4+ 37. Kg1 Qe1+ 38. Kh2 1/2-1/2

[Event "Championnat de France 2012 - Open B"]
[Site "PAU"]
[Date "2012.08.21"]
[Round "7.6"]
[White "Bombail, Leonard"]
[Black "May, Alexandre"]
[Result "1/2-1/2"]
[WhiteElo "1885"]
[BlackElo "1947"]
[PlyCount "88"]

1. e4 e6 2. b3 d5 3. Bb2 dxe4 4. Nc3 Nf6 5. Qe2 Nc6 6. Nxe4 Be7 7. Nf3 O-O 8.
h3 Nb4 9. d4 b6 10. a3 Nbd5 11. c4 Ba6 12. Qc2 Nxe4 13. Qxe4 Nf6 14. Qc2 c5 15.
Bd3 Bb7 16. dxc5 Bxc5 17. Ng5 h6 18. Ne4 Bd4 19. Nxf6+ Qxf6 20. Bxd4 Qxd4 21.
O-O e5 22. Rfe1 Rfe8 23. Bh7+ Kf8 24. Rad1 Qf4 25. Be4 Bxe4 26. Rxe4 Qf5 27.
Qe2 f6 28. Rd5 Rad8 29. Qd3 Qc8 30. Re3 Qc7 31. Qe4 Rd6 32. Red3 Red8 33. Rxd6
Rxd6 34. Rxd6 Qxd6 35. Qa8+ Kf7 36. Qxa7+ Kg6 37. b4 Qd1+ 38. Kh2 Qd4 39. c5
Qf4+ 40. Kg1 Qc1+ 41. Kh2 Qf4+ 42. Kg1 Qc1+ 43. Kh2 Qf4+ 44. Kg1 Qc1+ 1/2-1/2

[Event "Championnat de France 2012 - Open B"]
[Site "PAU"]
[Date "2012.08.21"]
[Round "7.9"]
[White "Cattaneo, Romain"]
[Black "Le Razavet, Yannick"]
[Result "1-0"]
[WhiteElo "1915"]
[BlackElo "1818"]
[PlyCount "47"]

1. e4 c5 2. Nf3 d6 3. d4 cxd4 4. Nxd4 Nf6 5. Nc3 a6 6. Be3 e6 7. f3 Be7 8. Qd2
Nc6 9. O-O-O O-O 10. g4 Ne8 11. Nxc6 bxc6 12. h4 Bxh4 13. g5 Bg3 14. f4 e5 15.
f5 Qc7 16. Qg2 Bf4 17. Bxf4 exf4 18. Qh2 h6 19. gxh6 g6 20. Qxf4 d5 21. h7+ Kh8
22. Qh6 Ng7 23. Bh3 dxe4 24. f6 1-0

[Event "Championnat de France 2012 - Open B"]
[Site "PAU"]
[Date "2012.08.21"]
[Round "7.10"]
[White "N'Guyen, Julien"]
[Black "Julien, Jules-Alois"]
[Result "1-0"]
[WhiteElo "1983"]
[BlackElo "1844"]
[PlyCount "61"]

1. d4 Nf6 2. c4 e6 3. Nf3 b6 4. a3 Bb7 5. e3 Be7 6. Nc3 O-O 7. Bd3 d5 8. O-O
Ne4 9. Nd2 f5 10. cxd5 exd5 11. Qb3 c5 12. Bxe4 fxe4 13. dxc5 Kh8 14. cxb6 Nd7
15. Qd1 Ne5 16. b4 axb6 17. Nb3 Nd3 18. Nd4 Bxb4 19. Bd2 Bxa3 20. Ne6 Qe7 21.
Nxf8 Rxf8 22. Qb3 Bd6 23. Ne2 Bxh2+ 24. Kxh2 Qh4+ 25. Kg1 Nxf2 26. Nf4 Ng4 27.
Ng6+ hxg6 28. Rxf8+ Kh7 29. Ra7 Bc6 30. Qxb6 d4 31. Qb8 1-0

[Event "Championnat de France 2012 - Open B"]
[Site "PAU"]
[Date "2012.08.22"]
[Round "8.1"]
[White "Peyre, Camille"]
[Black "Gerandi, Guillaume"]
[Result "1-0"]
[WhiteElo "1921"]
[BlackElo "1842"]
[PlyCount "85"]

1. d4 Nf6 2. c4 c5 3. d5 b5 4. cxb5 a6 5. bxa6 g6 6. Nc3 Bxa6 7. Nf3 Bg7 8. e4
Bxf1 9. Kxf1 d6 10. g3 Nbd7 11. Kg2 O-O 12. a4 Ng4 13. Qe2 Qa5 14. Bd2 Qa6 15.
Qxa6 Rxa6 16. b3 Rb8 17. Rab1 Bxc3 18. Bxc3 Rab6 19. Nd2 Nge5 20. Ra1 Nd3 21.
Rhd1 Nb4 22. Nc4 Ra6 23. Na3 c4 24. Nxc4 Nc5 25. Nd2 Nbd3 26. Rab1 Rab6 27. Bd4
Rb4 28. Bc3 R4b7 29. f3 Nb4 30. Nc4 Na2 31. Be1 Nxa4 32. Na5 Rb5 33. Ra1 N4c3
34. Bxc3 Nxc3 35. Rdc1 Ne2 36. Rc7 Ra8 37. Re1 Nd4 38. Nc6 Ra2+ 39. Kh3 Rxh2+
40. Kxh2 Nxf3+ 41. Kh3 Nxe1 42. Rxe7 Rxb3 43. e5 1-0

[Event "Championnat de France 2012 - Open B"]
[Site "PAU"]
[Date "2012.08.22"]
[Round "8.2"]
[White "Ruch, Bernard"]
[Black "Nobili, Denis"]
[Result "1-0"]
[WhiteElo "1950"]
[BlackElo "1995"]
[PlyCount "33"]

1. d4 d5 2. Nf3 Nf6 3. Bf4 c5 4. c3 e6 5. e3 Nc6 6. Nbd2 cxd4 7. exd4 Be7 8.
Ne5 Bd7 9. Bd3 Rc8 10. O-O O-O 11. Re1 Qb6 12. Rb1 Rfd8 13. Qf3 Be8 14. Qh3 g6
15. Ndf3 Nh5 16. Bd2 f6 17. Qxe6+ 1-0

[Event "Championnat de France 2012 - Open B"]
[Site "PAU"]
[Date "2012.08.22"]
[Round "8.3"]
[White "Renaux, Osmin"]
[Black "Cattaneo, Romain"]
[Result "0-1"]
[WhiteElo "1997"]
[BlackElo "1915"]
[PlyCount "80"]

1. d4 Nf6 2. c4 g6 3. Nc3 Bg7 4. e4 d6 5. Be2 O-O 6. Bg5 c5 7. d5 h6 8. Be3 e6
9. dxe6 Bxe6 10. Qd2 Qa5 11. f3 Nc6 12. O-O-O b5 13. Nxb5 Qxa2 14. Qc2 Nb4 15.
Qb1 Qb3 16. Nc3 Ng4 17. Bd2 Nf2 18. Nh3 Nxh1 19. Rxh1 Bxc3 20. Bxc3 Na2+ 21.
Kd2 Nxc3 22. bxc3 Qxb1 23. Rxb1 Bxh3 24. gxh3 Rfb8 25. Rb5 a6 26. Ra5 Rb2+ 27.
Kd3 Rb1 28. f4 Rh1 29. Bf3 Rxh2 30. e5 Rxh3 31. Ke2 Re8 32. Rxa6 dxe5 33. Bd5
exf4+ 34. Kf2 Re7 35. Rxg6+ Kf8 36. Rc6 Ra7 37. Rf6 Ra2+ 38. Kg1 Rg3+ 39. Kh1
Rxc3 40. Rxf7+ Ke8 0-1

[Event "Championnat de France 2012 - Open B"]
[Site "PAU"]
[Date "2012.08.22"]
[Round "8.4"]
[White "Roubert, Emile"]
[Black "Le Bail, Arielle"]
[Result "1/2-1/2"]
[WhiteElo "1927"]
[BlackElo "1876"]
[PlyCount "123"]

1. e4 e6 2. Nf3 d5 3. Nc3 d4 4. Ne2 c5 5. Ng3 Nc6 6. Bc4 a6 7. a3 b5 8. Ba2 Bd6
9. d3 Nge7 10. O-O Ng6 11. Nh5 O-O 12. Ng5 h6 13. Nh3 e5 14. Ng3 Nf4 15. Nxf4
exf4 16. Nh1 Qh4 17. f3 Ne5 18. Qe1 Qf6 19. Qe2 Bd7 20. Bd2 c4 21. Nf2 h5 22.
c3 Bc5 23. Kh1 Rac8 24. Rfd1 Be6 25. cxd4 Bxd4 26. Bb4 Rfd8 27. dxc4 Bxc4 28.
Bxc4 Nxc4 29. Nd3 Rc6 30. Rac1 Rdc8 31. b3 Ne3 32. Rxc6 Rxc6 33. Rc1 Rxc1+ 34.
Nxc1 Bc3 35. Bc5 Bd4 36. Bb4 Bb2 37. Nd3 Bd4 38. h3 g5 39. Nf2 g4 40. fxg4 Qh4
41. gxh5 Nxg2 42. Qg4+ Qxg4 43. hxg4 f3 44. Kg1 Kg7 45. Bd2 Kf6 46. Kf1 Ke5 47.
Bh6 Ke6 48. Nd3 Ne3+ 49. Bxe3 Bxe3 50. Ne1 Ke5 51. Nxf3+ Kxe4 52. Ke2 Bc1 53.
a4 Kf4 54. g5 Kf5 55. h6 Bb2 56. axb5 axb5 57. Kd3 Bh8 58. Ke3 b4 59. Ke2 Kg6
60. Ke3 Kf5 61. Ke2 Kg6 62. Ke3 1/2-1/2

[Event "Championnat de France 2012 - Open B"]
[Site "PAU"]
[Date "2012.08.22"]
[Round "8.5"]
[White "Bandet, Raphael"]
[Black "Lebon, Kevin"]
[Result "0-1"]
[WhiteElo "1925"]
[BlackElo "1839"]
[PlyCount "78"]

1. e4 e5 2. Nf3 Nc6 3. Bc4 Nf6 4. d3 Be7 5. c3 O-O 6. O-O d5 7. exd5 Nxd5 8. h3
Nb6 9. Bb3 Bf5 10. Bc2 Qd6 11. Nbd2 Qg6 12. Ne4 Rad8 13. Qe2 Bxh3 14. Ng3 Bg4
15. Re1 Kh8 16. Nxe5 Nxe5 17. Qxe5 Bd6 18. Qe3 h6 19. b3 Nd5 20. Qxa7 Bxg3 21.
fxg3 Nxc3 22. Qe3 Rde8 23. Qxe8 Rxe8 24. Rxe8+ Kh7 25. Re1 Ne2+ 26. Kf2 Qf5+
27. Bf4 Qc5+ 28. Be3 Qxc2 29. Rad1 Qb2 30. d4 Qc2 31. Rf1 Qe4 32. Rd2 Nxg3 33.
Re1 Nh5 34. d5 Nf6 35. d6 cxd6 36. Rxd6 Be6 37. Rd4 Ng4+ 38. Kg1 Qe5 39. Rb4
Nxe3 0-1

[Event "Championnat de France 2012 - Open B"]
[Site "PAU"]
[Date "2012.08.22"]
[Round "8.6"]
[White "N'Guyen, Julien"]
[Black "Bombail, Leonard"]
[Result "0-1"]
[WhiteElo "1983"]
[BlackElo "1885"]
[PlyCount "68"]

1. d4 Nf6 2. c4 g6 3. Nc3 Bg7 4. e4 d6 5. Nf3 O-O 6. Be2 e5 7. d5 a5 8. a3 Nbd7
9. Bg5 h6 10. Bh4 g5 11. Bg3 Nh5 12. Nd2 Nf4 13. O-O f5 14. exf5 Nf6 15. f3
Bxf5 16. Bf2 Qd7 17. Re1 Qf7 18. Nde4 Nxe4 19. fxe4 Bh3 20. Bg3 Nxg2 21. Rf1
Nf4 22. Rf2 Qd7 23. Rb1 Nxe2+ 24. Qxe2 Rxf2 25. Bxf2 Rf8 26. b4 Bg4 27. Qd2 Bf3
28. bxa5 Qh3 29. Bg3 h5 30. Rxb7 Bxe4 31. Qe2 Bf3 32. Qf2 h4 33. Rxc7 hxg3 34.
Qxg3 Bg4 0-1

[Event "Championnat de France 2012 - Open B"]
[Site "PAU"]
[Date "2012.08.22"]
[Round "8.7"]
[White "Flick, Antoine"]
[Black "Joslin, Jerome"]
[Result "0-1"]
[WhiteElo "1902"]
[BlackElo "1973"]
[PlyCount "71"]

1. c4 e5 2. Nc3 Nc6 3. g3 Nf6 4. Bg2 Be7 5. Nf3 d5 6. cxd5 Nxd5 7. O-O Be6 8.
a3 Qd7 9. b4 f6 10. Bb2 Nb6 11. d3 Bh3 12. Rc1 Bxg2 13. Kxg2 h5 14. h4 O-O-O
15. Ne4 Kb8 16. Nc5 Bxc5 17. Rxc5 e4 18. Ne1 Ne7 19. Qc1 Na4 20. Rc2 Nxb2 21.
Qxb2 g5 22. Qxf6 gxh4 23. Qxh4 Nf5 24. Qxe4 Rhe8 25. Qc4 Nd4 26. Nf3 Nxc2 27.
Qxc2 Qd5 28. Rh1 Rd6 29. Rh4 Rc6 30. Qb2 Rce6 31. Rd4 Qf5 32. Rf4 Qd5 33. d4
Qc6 34. Qa2 Qa6 35. e4 Rf6 36. Ne5 0-1

[Event "Championnat de France 2012 - Open B"]
[Site "PAU"]
[Date "2012.08.22"]
[Round "8.8"]
[White "Touzeau, Maxime"]
[Black "Parny, Mathieu"]
[Result "1/2-1/2"]
[WhiteElo "1954"]
[BlackElo "1880"]
[PlyCount "93"]

1. d4 Nf6 2. Nf3 g6 3. g3 Bg7 4. Bg2 d6 5. O-O O-O 6. c4 Nc6 7. d5 Nb8 8. Nc3
Nbd7 9. h3 a5 10. Be3 Re8 11. Nd4 e5 12. Ndb5 b6 13. Rc1 Nb8 14. a3 Na6 15. Qd2
Nd7 16. Na4 Ndc5 17. Nxc5 Nxc5 18. Bxc5 bxc5 19. b4 axb4 20. axb4 cxb4 21. Qxb4
Rb8 22. Qa5 c5 23. Qa7 Rb7 24. Qa6 Rb6 25. Qa5 Ra6 26. Qc7 Bf8 27. Ra1 Rxa1 28.
Rxa1 Qxc7 29. Nxc7 Re7 30. Nb5 Rb7 31. Ra8 Bd7 32. Nxd6 Rb4 33. Ne4 Kg7 34. Ra7
Bf5 35. Ng5 Rxc4 36. Nxf7 Rc1+ 37. Kh2 Kf6 38. Nd8 Be7 39. Nc6 Bd6 40. e4 Bc8
41. Rxh7 c4 42. Rh8 Ba6 43. Rd8 Bc5 44. f4 Bg1+ 45. Kh1 Bb6+ 46. Kh2 Bg1+ 47.
Kh1 1/2-1/2

[Event "Championnat de France 2012 - Open B"]
[Site "PAU"]
[Date "2012.08.22"]
[Round "8.9"]
[White "Froment, Theophile"]
[Black "Gautier, Selvan"]
[Result "0-1"]
[WhiteElo "1892"]
[BlackElo "1949"]
[PlyCount "58"]

1. e4 c5 2. Nf3 a6 3. Nc3 e6 4. d4 cxd4 5. Nxd4 Nc6 6. Nxc6 bxc6 7. Bf4 d5 8.
exd5 cxd5 9. Qf3 Nf6 10. O-O-O Be7 11. h3 Bb7 12. g4 Qa5 13. Bg2 Rc8 14. Kb1
O-O 15. g5 Ne4 16. Nxe4 dxe4 17. Qe2 Bd5 18. b3 f5 19. gxf6 Bxf6 20. Qd2 Bc3
21. Qc1 Rc4 22. Bd6 Ra4 23. a3 Rd8 24. Rxd5 exd5 25. bxa4 Rxd6 26. Qe3 Qc7 27.
Kc1 Rb6 28. Kd1 Rb1+ 29. Ke2 Qc4+ 0-1

[Event "Championnat de France 2012 - Open B"]
[Site "PAU"]
[Date "2012.08.22"]
[Round "8.10"]
[White "Gendre, Pascal"]
[Black "Brehier, William"]
[Result "0-1"]
[WhiteElo "1948"]
[BlackElo "1852"]
[PlyCount "58"]

1. d4 d5 2. c4 c6 3. Nf3 Nf6 4. g3 e6 5. Bg2 Bd6 6. O-O O-O 7. Nbd2 Nbd7 8. Qc2
Re8 9. Re1 e5 10. cxd5 Nxd5 11. Nc4 Bb4 12. Rd1 exd4 13. Nxd4 Qf6 14. Nf3 N7b6
15. e4 Bg4 16. Bg5 Qg6 17. Qc1 Qxe4 18. Rd4 Qe6 19. Nfe5 Nxc4 20. Nxg4 Ncb6 21.
Ne3 Bf8 22. Qd2 Nxe3 23. Bxe3 Nc4 24. Rxc4 Qxc4 25. Qd7 Qb5 26. b3 Rad8 27. Qg4
Qe5 28. Re1 Bc5 29. Bd2 Bxf2+ 0-1

[Event "Championnat de France 2012 - Open B"]
[Site "PAU"]
[Date "2012.08.23"]
[Round "9.1"]
[White "Cattaneo, Romain"]
[Black "Peyre, Camille"]
[Result "1-0"]
[WhiteElo "1915"]
[BlackElo "1921"]
[PlyCount "45"]

1. e4 c5 2. Nf3 e6 3. d4 cxd4 4. Nxd4 a6 5. Nc3 Qc7 6. Bd3 Nf6 7. O-O Nc6 8.
Nxc6 dxc6 9. e5 Nd5 10. Ne4 b5 11. Qh5 g6 12. Qf3 Be7 13. Bg5 Bb7 14. Bxe7 Kxe7
15. Nd6 Rhf8 16. Be4 f6 17. Bxd5 exd5 18. Qa3 Ke6 19. exf6 Kxf6 20. Rae1 d4 21.
Nxb7 Qxb7 22. Qe7+ Kf5 23. Qe5+ 1-0

[Event "Championnat de France 2012 - Open B"]
[Site "PAU"]
[Date "2012.08.23"]
[Round "9.2"]
[White "Lebon, Kevin"]
[Black "Ruch, Bernard"]
[Result "1-0"]
[WhiteElo "1839"]
[BlackElo "1950"]
[PlyCount "113"]

1. e4 e6 2. d4 d5 3. Nc3 Nf6 4. Bg5 Bb4 5. exd5 exd5 6. Qf3 c6 7. Bxf6 Qxf6 8.
Qxf6 gxf6 9. Nge2 Be6 10. O-O-O Nd7 11. Ng3 O-O-O 12. f4 Bd6 13. Nce2 Bg4 14.
f5 Bxg3 15. hxg3 Bxf5 16. Nf4 Rdg8 17. Bd3 Be4 18. Rh3 f5 19. Be2 Kd8 20. Rdh1
Nf6 21. Kd2 Rg5 22. Bf3 Ke7 23. c3 Rhg8 24. Ne2 R8g7 25. Ke3 Ng4+ 26. Bxg4 Rxg4
27. Kf2 a5 28. Rxh7 f4 29. Rxg7 fxg3+ 30. Nxg3 Rxg7 31. Nxe4 dxe4 32. Rh5 f6
33. Rxa5 e3+ 34. Kxe3 Rxg2 35. b3 Rg3+ 36. Kd2 Ke6 37. a4 f5 38. Re5+ Kf6 39.
Re3 Rg1 40. b4 f4 41. Re5 f3 42. Ke3 Re1+ 43. Kxf3 Rxe5 44. dxe5+ Kxe5 45. Ke3
c5 46. b5 Kd5 47. a5 c4 48. a6 bxa6 49. bxa6 Kc6 50. Kd4 Kb6 51. Kxc4 Kxa6 52.
Kc5 Kb7 53. Kd6 Kc8 54. c4 Kb7 55. c5 Kc8 56. Kc6 Kb8 57. Kd7 1-0

[Event "Championnat de France 2012 - Open B"]
[Site "PAU"]
[Date "2012.08.23"]
[Round "9.3"]
[White "Nobili, Denis"]
[Black "Bombail, Leonard"]
[Result "0-1"]
[WhiteElo "1995"]
[BlackElo "1885"]
[PlyCount "74"]

1. d4 Nf6 2. c4 g6 3. Nc3 Bg7 4. e4 d6 5. Nf3 O-O 6. Be2 e5 7. O-O Na6 8. Re1
exd4 9. Nxd4 Nc5 10. Bf1 a5 11. f3 Nfd7 12. Be3 Ne5 13. Qd2 Ne6 14. Nc2 f5 15.
exf5 Rxf5 16. Kh1 Rh5 17. Qf2 Rf5 18. Qg3 Bf6 19. Red1 Bh4 20. Qh3 Nf4 21. Bxf4
Rxf4 22. g4 Rxf3 23. Qg2 Bxg4 24. Be2 Bh3 25. Bxf3 Bxg2+ 26. Bxg2 Bf2 27. Ne4
Qh4 28. Rd2 Ng4 29. h3 Re8 30. Re2 h5 31. Rf1 Rxe4 32. Rxe4 Qg3 33. Rxg4 hxg4
34. Na3 c6 35. Nb1 gxh3 36. Be4 Qh4 37. Nc3 g5 0-1

[Event "Championnat de France 2012 - Open B"]
[Site "PAU"]
[Date "2012.08.23"]
[Round "9.4"]
[White "Joslin, Jerome"]
[Black "Le Bail, Arielle"]
[Result "1-0"]
[WhiteElo "1973"]
[BlackElo "1876"]
[PlyCount "29"]

1. d4 Nf6 2. c4 e6 3. e3 d5 4. Nf3 c6 5. Bd3 Bd6 6. Nc3 O-O 7. e4 dxc4 8. Bxc4
Bb4 9. Bd3 Qa5 10. Bd2 Qh5 11. h3 Rd8 12. e5 Ng4 13. Nh2 Rxd4 14. Nxg4 Qh4 15.
Nf6+ 1-0

[Event "Championnat de France 2012 - Open B"]
[Site "PAU"]
[Date "2012.08.23"]
[Round "9.5"]
[White "Gautier, Selvan"]
[Black "Obert, Julien"]
[Result "0-1"]
[WhiteElo "1949"]
[BlackElo "1823"]
[PlyCount "56"]

1. e4 e6 2. d4 d5 3. Nc3 Nf6 4. Bg5 Be7 5. e5 Nfd7 6. h4 O-O 7. Bd3 c5 8. Nh3
g6 9. Bh6 Re8 10. f4 Nc6 11. Ng5 Nf8 12. h5 Nxd4 13. Bxf8 Bxg5 14. hxg6 fxg6
15. Bxc5 Bh4+ 16. Kf1 Nf5 17. Bxf5 exf5 18. Nxd5 Be6 19. Bd6 Rc8 20. Qd2 Kg7
21. g3 Bxg3 22. Nf6 h5 23. Qe3 Rxc2 24. Nxe8+ Qxe8 25. b4 Qb5+ 26. Kg1 Qd5 27.
Qxg3 Qd4+ 28. Kf1 Qxa1+ 0-1

[Event "Championnat de France 2012 - Open B"]
[Site "PAU"]
[Date "2012.08.23"]
[Round "9.6"]
[White "Brehier, William"]
[Black "Forgues, Valerie"]
[Result "1-0"]
[WhiteElo "1852"]
[BlackElo "1940"]
[PlyCount "71"]

1. e4 e5 2. Nf3 Nc6 3. Bb5 a6 4. Ba4 Nf6 5. O-O Be7 6. Re1 b5 7. Bb3 d6 8. c3
O-O 9. d4 Bg4 10. Be3 exd4 11. cxd4 Na5 12. Nbd2 Nxb3 13. axb3 d5 14. Qc2 dxe4
15. Ne5 Be6 16. Nc6 Qd7 17. Nxe7+ Qxe7 18. d5 Bxd5 19. Bc5 Qe5 20. Bxf8 Kxf8
21. h3 Qg5 22. Re3 Qf4 23. b4 Kg8 24. Rg3 h5 25. Nb3 e3 26. Rxe3 Qxb4 27. Nc5
a5 28. Rc1 c6 29. Nd3 Qd6 30. Ne5 Rc8 31. Qf5 Re8 32. Rce1 g6 33. Qg5 Kg7 34.
f4 Be6 35. Rg3 Bf5 36. Qxf5 1-0

[Event "Championnat de France 2012 - Open B"]
[Site "PAU"]
[Date "2012.08.23"]
[Round "9.7"]
[White "Gerandi, Guillaume"]
[Black "Roubert, Emile"]
[Result "0-1"]
[WhiteElo "1842"]
[BlackElo "1927"]
[PlyCount "69"]

1. e4 e5 2. d4 exd4 3. Qxd4 Nc6 4. Qe3 Nf6 5. Nc3 Bb4 6. Bd2 O-O 7. O-O-O Re8
8. Qg3 Rxe4 9. a3 Bd6 10. f4 Re8 11. Bd3 Be7 12. Nf3 d5 13. h3 d4 14. Ne2 Qd5
15. c4 dxc3 16. Bxc3 Bf5 17. Bc2 Qc5 18. Bxf5 Qxf5 19. Ned4 Nxd4 20. Nxd4 Qc8
21. Rhe1 c5 22. Nb5 Qc6 23. a4 a6 24. Na3 b5 25. Nc2 Bf8 26. Ne3 Rad8 27. Nf5
Rxd1+ 28. Rxd1 Ne4 29. Qf3 Qe6 30. g4 Nxc3 31. Qxc3 g6 32. Rd6 Qe1+ 33. Qxe1
Rxe1+ 34. Kd2 Bxd6 35. Nxd6 0-1

[Event "Championnat de France 2012 - Open B"]
[Site "PAU"]
[Date "2012.08.23"]
[Round "9.8"]
[White "Marimoutou, Loic"]
[Black "Renaux, Osmin"]
[Result "0-1"]
[WhiteElo "1924"]
[BlackElo "1997"]
[PlyCount "102"]

1. e4 e5 2. Nf3 Nc6 3. Bc4 Nf6 4. d3 Be7 5. c3 O-O 6. O-O d6 7. h3 Na5 8. Bb5
a6 9. Ba4 b5 10. Bc2 c5 11. Re1 Bb7 12. Nbd2 Re8 13. Nf1 Bf8 14. Ng3 g6 15. Bg5
h6 16. Be3 d5 17. exd5 Nxd5 18. Qd2 Kh7 19. Nh2 Nxe3 20. fxe3 f5 21. Rad1 Bd6
22. e4 f4 23. Ne2 Qh4 24. Kh1 Rad8 25. Rf1 Be7 26. Qe1 Qh5 27. Ng1 Bc8 28. Rd2
g5 29. Bd1 Qg6 30. Qe2 Bf8 31. Qh5 Nc4 32. dxc4 Rxd2 33. cxb5 axb5 34. Bg4 Qxh5
35. Bxh5 Re7 36. Bg4 Bxg4 37. Nxg4 Bg7 38. Rf2 Red7 39. Nf3 Rxf2 40. Nxf2 Kg6
41. Kg1 h5 42. a3 Bf6 43. Kf1 c4 44. Ke2 Kf7 45. Ke1 Ke6 46. Ke2 Be7 47. Ke1
Kf6 48. Ke2 Bc5 49. Nd1 g4 50. hxg4 hxg4 51. Ne1 Kg5 0-1

[Event "Championnat de France 2012 - Open B"]
[Site "PAU"]
[Date "2012.08.23"]
[Round "9.10"]
[White "Azymah, Remy"]
[Black "Touzeau, Maxime"]
[Result "0-1"]
[WhiteElo "1826"]
[BlackElo "1954"]
[PlyCount "80"]

1. e4 c5 2. Nf3 g6 3. Nc3 Bg7 4. d4 cxd4 5. Nxd4 d6 6. Be3 Nf6 7. f3 O-O 8. Bc4
Nc6 9. Qd2 Nxd4 10. Bxd4 Qc7 11. Bb3 a6 12. g4 Be6 13. O-O-O Bxb3 14. axb3 a5
15. Bxf6 Bxf6 16. Nd5 Qc5 17. g5 Bg7 18. Nxe7+ Kh8 19. Nd5 a4 20. Qb4 Qf2 21.
Rdf1 Qe2 22. bxa4 Rfc8 23. Qb3 b5 24. Kb1 bxa4 25. Qd3 Qg2 26. Rhg1 Qxh2 27.
Nf6 Bxf6 28. gxf6 Qe5 29. Rd1 a3 30. bxa3 Qxf6 31. Rgf1 Rcb8+ 32. Kc1 Qb2+ 33.
Kd2 Rxa3 34. Qc4 Qe5 35. Rc1 Qf4+ 36. Ke2 Re3+ 37. Kd1 Rxf3 38. Rxf3 Qxf3+ 39.
Kd2 Qf4+ 40. Kd1 Re8 0-1

[Event "Championnat de France 2012 - Open B"]
[Site "PAU"]
[Date "2012.08.24"]
[Round "10.1"]
[White "Peyre, Camille"]
[Black "Lebon, Kevin"]
[Result "1-0"]
[WhiteElo "1921"]
[BlackElo "1839"]
[PlyCount "55"]

1. d4 Nf6 2. c4 c5 3. d5 b5 4. cxb5 a6 5. bxa6 g6 6. Nc3 Bxa6 7. Nf3 Bg7 8. e4
Bxf1 9. Kxf1 d6 10. g3 Nbd7 11. Kg2 O-O 12. a4 Ng4 13. Qe2 Qa5 14. Nd2 Ngf6 15.
Nc4 Qa6 16. Nb5 Rfc8 17. Bd2 Nb6 18. Nxb6 Qxb6 19. Bc3 c4 20. Rhc1 Qc5 21. Qe1
Ng4 22. Bxg7 Kxg7 23. b4 Qb6 24. Qc3+ Kg8 25. Qd4 Rcb8 26. Rxc4 Ne5 27. Rc8+
Kg7 28. Qxb6 1-0